| 000 | 00595nam a22001937a 4500 | ||
|---|---|---|---|
| 999 |
_c179312 _d179312 |
||
| 005 | 20210607112028.0 | ||
| 010 | _aB-739995 | ||
| 020 |
_a9780712605489 _c195.00 |
||
| 035 | _aB-739995 | ||
| 037 | _bGift | ||
| 082 | _a230.31 | ||
| 100 | _aChopra, Deepak | ||
| 245 |
_aHow to know God: _bthe soul's journey into the mystery of mysteries / _cby Deepak Chopra |
||
| 260 |
_aLondon _bRandom House _c2000 |
||
| 300 |
_a319p. _c20cm(pbk) |
||
| 500 | _aincludes index | ||
| 942 |
_2ddc _cEN _mCHO _h230.31 |
||